000
00325nam a2200109Ia 4500
008
171204s9999 xx 000 0 und d
245
_a
Global Business Today:
245
_c
Charles W. L. Hill and G. Tomas M. Hult
260
_c
2015
650
_x
INTERNATIONAL BUSINESS
856
_u
http://down.ebook777.com/041/9814738255.pdf
999
_c
347022
_d
347022